| 000 | 01006cab a2200289 4500 | ||
|---|---|---|---|
| 001 | WB3128-47 | ||
| 008 | 090401t1995 xxu||||| |||| 00| 0 eng d | ||
| 035 | _a(Sirsi) u35682 | ||
| 041 | _aeng | ||
| 245 | _aTest case on alleged methane negligence | ||
| 260 | _c1995 | ||
| 350 | _a0 | ||
| 490 |
_aBirmingham Post _v19 July 1995, 4(1) |
||
| 520 | _aOne of 44 Warkwickshire homeowners facing a £2000 bill for dealing with methane gas under their homes is bringing a test case against Barratt and chartered surveyors Cartwright Holt and Sons alleging negligence for allowing the homes to be built on a former tip. | ||
| 650 | _aENVIRONMENTAL PROTECTION ACT 1990 | ||
| 650 | _aLANDFILL SITES | ||
| 650 | _aMETHANE GAS | ||
| 650 | _aNEGLIGENCE | ||
| 650 | _aRESIDENTIAL DEVELOPMENT | ||
| 650 | _aSTATUTORY NUISANCE | ||
| 650 | _aSURVEYORS | ||
| 650 | _aTEST CASE | ||
| 690 | _aLAND | ||
| 690 | _aMANAGEMENT-BUSINESS MANAGEMENT-PROFESSIONAL PRACTICE | ||
| 942 | _n0 | ||
| 948 | _c04/03/1997 | ||
| 999 |
_c23340 _d23340 |
||